Central Library OPAC University of Rajshahi

The short-term prisoner : (Record no. 49872)

MARC details
000 -LEADER
fixed length control field 01002nam a2200289 a 4500
001 - CONTROL NUMBER
control field 49872
003 - CONTROL NUMBER IDENTIFIER
rucl marc code BD-RjUL
005 - DATE AND TIME OF LATEST TRANSACTION
control field 20211209054736.0
008 - FIXED-LENGTH DATA ELEMENTS--GENERAL INFORMATION
fixed length control field 160823s1963 enka b 001 0 eng
035 ## - SYSTEM CONTROL NUMBER
System control number (BD-RjUL) 49992
040 ## - CATALOGING SOURCE
Original cataloging agency DLC
Transcribing agency OClU
Modifying agency OCoLC
-- BD-RjUL
Language of cataloging eng
041 ## - LANGUAGE CODE
Language code of text/sound track or separate title eng
082 ## - DEWEY DECIMAL CLASSIFICATION NUMBER
Classification number 364
Edition number 23
Author mark and year ANS 1963
100 10 - MAIN ENTRY--PERSONAL NAME
Personal name Andry, Robert G.
9 (RLIN) 149468
245 14 - TITLE STATEMENT
Title The short-term prisoner :
Remainder of title a study in forensic psychology /
Statement of responsibility, etc. R.G. Andry ; with a foreword by Hermann Mannheim.
260 ## - PUBLICATION, DISTRIBUTION, ETC. (IMPRINT)
Place of publication, distribution, etc. London :
Name of publisher, distributor, etc. Stevens & Sons,
Date of publication, distribution, etc. 1963
300 ## - PHYSICAL DESCRIPTION
Pagination xxii, 162 p. :
Illustrations ill. ;
Size 23 cm.
504 ## - BIBLIOGRAPHY, ETC. NOTE
Bibliography, etc Includes index and bibliography
650 #0 - SUBJECT ADDED ENTRY--TOPICAL TERM
Topical term or geographic name as entry element Prison sentences
Geographic subdivision Great Britain.
9 (RLIN) 149470
Topical term or geographic name as entry element Prison psychology.
9 (RLIN) 149471
Topical term or geographic name as entry element Forensic psychology.
9 (RLIN) 140333
700 ## - ADDED ENTRY--PERSONAL NAME
Personal name Mannheim Hermann
856 ## - ELECTRONIC LOCATION AND ACCESS
Materials specified Library of criminology.
942 ## - ADDED ENTRY ELEMENTS (KOHA)
Source of classification or shelving scheme Dewey Decimal Classification
Koha item type Books
Holdings
Lost status Source of classification or shelving scheme Damaged status Not for loan Collection code Permanent Location Current Location Shelving location Date acquired Source of acquisition Cost, normal purchase price Total Checkouts Full call number Date last seen Copy number Koha item type
  Dewey Decimal Classification     Non-fiction Central Library, University of Rajshahi Central Library, University of Rajshahi   30/07/1968 Zeitlinger 30.00   364 ANS 1963 23/08/2016 C-2 Books
  Dewey Decimal Classification     Non-fiction Central Library, University of Rajshahi Central Library, University of Rajshahi   30/07/1968 Zeitlinger 30.00   364 ANS 1963 23/08/2016 C-3 Books
  Dewey Decimal Classification     Non-fiction Central Library, University of Rajshahi Central Library, University of Rajshahi   30/07/1968 Zeitlinger 30.00   364 ANS 1963 23/08/2016 C-4 Books
  Dewey Decimal Classification     Non-fiction Central Library, University of Rajshahi Central Library, University of Rajshahi   16/07/1968 Zeitlinger 30.00   364 ANS 1963 23/10/2016 C-5 Books